Học từ vựng tiếng Anh 2 : Trình độ Trung cấp /
Gồm các loại từ vựng trong tiếng Anh: Từ đơn, từ thường đi với nhau (từ kết hợp), các thành ngữ cố định v.v..
محفوظ في:
| المؤلف الرئيسي: | |
|---|---|
| مؤلفون آخرون: | |
| التنسيق: | كتاب |
| اللغة: | Vietnamese English |
| منشور في: |
Tp. Hồ Chí Minh :
Nxb. Tp. Hồ Chí Minh,
1997.
|
| الموضوعات: | |
| الوسوم: |
إضافة وسم
لا توجد وسوم, كن أول من يضع وسما على هذه التسجيلة!
|
| Thư viện lưu trữ: | Mạng thư viện Đại học Đà Nẵng |
|---|
| LEADER | 01402nam a22003491a 4500 | ||
|---|---|---|---|
| 001 | 000037685 | ||
| 003 | 13980 | ||
| 005 | 20210126152303.0 | ||
| 008 | 160412s1997 000 | ||
| 041 | 0 | |a vie | |
| 041 | 0 | |a eng | |
| 082 | |a 428 |b RE-S | ||
| 100 | 1 | |a Stuart Redman | |
| 240 | 0 | 0 | |a A way with Words - Vocabulary development activitives for learners of English |
| 245 | 1 | 0 | |a Học từ vựng tiếng Anh 2 : |b Trình độ Trung cấp / |c Stuart Redman and Robert Ellis; Dịch và chú giải: Nguyễn Trung Tánh, NGuyễn Thành Thư,... |
| 260 | |a Tp. Hồ Chí Minh : |b Nxb. Tp. Hồ Chí Minh, |c 1997. | ||
| 300 | |a 231tr : hình vẽ ; |c 21cm. | ||
| 520 | |a Gồm các loại từ vựng trong tiếng Anh: Từ đơn, từ thường đi với nhau (từ kết hợp), các thành ngữ cố định v.v.. | ||
| 653 | |a từ vựng | ||
| 653 | |a sách đọc thêm | ||
| 653 | |a Tiếng Anh | ||
| 653 | |a sách tự học | ||
| 700 | 1 | |a Nguyễn Trung Tánh |e Dịch | |
| OWN | |a LNN | ||
| 902 | |a TKA | ||
| AVA | |a UDN50 |b LNN |c English |e available |t Error 5001 Not defined in file expand_doc_bib_avail. |f 3 |g 0 |h N |i 0 |j AN | ||
| 999 | |a From the UDN01 | ||
| AVA | |a UDN50 |b LNN |c English |e available |t Error 5001 Not defined in file expand_doc_bib_avail. |f 3 |g 0 |h N |i 0 |j AN | ||
| TYP | |a Monograph | ||
| 980 | |a Mạng thư viện Đại học Đà Nẵng | ||